The travel bug (Record no. 70781)
[ view plain ]
| 000 -LEADER | |
|---|---|
| fixed length control field | 01724cam a2200289 4500 |
| 001 - CONTROL NUMBER | |
| control field | ABS65764 |
| 008 - FIXED-LENGTH DATA ELEMENTS--GENERAL INFORMATION | |
| fixed length control field | 020722n2002 000 0 eng u |
| 035 ## - SYSTEM CONTROL NUMBER | |
| System control number | (Sirsi) u118945 |
| 100 ## - MAIN ENTRY--PERSONAL NAME | |
| Personal name | Castorina, G |
| 245 #4 - TITLE STATEMENT | |
| Title | The travel bug |
| 260 ## - PUBLICATION, DISTRIBUTION, ETC. | |
| Date of publication, distribution, etc. | 2002 |
| 490 ## - SERIES STATEMENT | |
| Series statement | Estates Gazette |
| Volume/sequential designation | (0227) 6 July 2002, 136-137(2) |
| 520 ## - SUMMARY, ETC. | |
| Summary, etc. | The second part of a two part article on travellers discusses the position of the landowner and proposals to reform the unsatisfactory state of the law. Outlines measures available to landlords to deal with travellers including The Criminal Justice and Public Order Act 1994 and civil court action. The 1994 Act gave police powers to remove travellers from sites although in practice police often refuse to act, "R (on the application of Fuller) v Chief Constable of Dorset" (2001) being a rare exception. Civil court action is equally unsatisfactory with landowners having to bear substantial costs. Article looks at two reform proposals to improve the situation for landowners and travellers: the Trespassers on Land (Liability for Damage and Eviction) Bill which is before parliament; and the draft Traveller Law Reform Bill prepared by the Traveller Law Research Unit at Cardiff Law School. (For part one see ABS65612) |
| 590 ## - LOCAL NOTE (RLIN) | |
| Local note | ABS |
| 650 ## - SUBJECT ADDED ENTRY--TOPICAL TERM | |
| Topical term or geographic name entry element | TRAVELLERS |
| 650 ## - SUBJECT ADDED ENTRY--TOPICAL TERM | |
| Topical term or geographic name entry element | CARAVAN SITES ACT 1968 |
| 650 ## - SUBJECT ADDED ENTRY--TOPICAL TERM | |
| Topical term or geographic name entry element | TRESPASSERS |
| 650 ## - SUBJECT ADDED ENTRY--TOPICAL TERM | |
| Topical term or geographic name entry element | TRAVELLER LAW REFORM BILL |
| 650 ## - SUBJECT ADDED ENTRY--TOPICAL TERM | |
| Topical term or geographic name entry element | CRIMINAL JUSTICE AND PUBLIC ORDER ACT 1994 |
| 650 ## - SUBJECT ADDED ENTRY--TOPICAL TERM | |
| Topical term or geographic name entry element | R V CHIEF CONSTABLE OF DORSET EX P FULLER |
| 650 ## - SUBJECT ADDED ENTRY--TOPICAL TERM | |
| Topical term or geographic name entry element | LANDLORDS |
| 650 ## - SUBJECT ADDED ENTRY--TOPICAL TERM | |
| Topical term or geographic name entry element | TRESPASSERS ON LAND (LIABILITY FOR DAMAGE AND EVICTION) BILL |
| 650 ## - SUBJECT ADDED ENTRY--TOPICAL TERM | |
| Topical term or geographic name entry element | LANDOWNERS |
| 690 ## - LOCAL SUBJECT ADDED ENTRY--TOPICAL TERM (OCLC, RLIN) | |
| Topical term or geographic name as entry element | PROPERTY |
| 700 ## - ADDED ENTRY--PERSONAL NAME | |
| Personal name | Shelton, M |
| 942 ## - ADDED ENTRY ELEMENTS (KOHA) | |
| Suppress in OPAC | 0 |
| Withdrawn status | Lost status | Source of classification or shelving scheme | Damaged status | Not for loan | Home library | Current library | Shelving location | Date acquired | Total Checkouts | Full call number | Barcode | Date last seen | Copy number | Price effective from | Koha item type |
|---|---|---|---|---|---|---|---|---|---|---|---|---|---|---|---|
| Dewey Decimal Classification | London | London | Journal article | 22/07/2002 | ABS65764 | 118945-1001 | 06/08/2019 | 1 | 06/08/2019 | Journal article |